El viajero científico / (Registro nro. 10848)

Detalles MARC
000 -LIDER
fixed length control field 00775nam a22002897a 4500
001 - NÚMERO DE CONTROL
Identificador de número de control 000377
003 - IDENTIFICACDOR DE NÚMERO DE CONTROL
control field DO-SdBNP
005 - DATE AND TIME OF LATEST TRANSACTION
control field 20231018103725.0
007 - CAMPOS FIJOS DE DESCRIPCIÓN FÍSICA
fixed length control field 000377
008 - ELEMENTOS DE LONGITUD FIJA
fixed length control field 160707b 2003 mx 00| 0 spa d
020 ## - ISBN
International Standard Book Number 9681908619
040 ## - FUENTE DE CATALOGACIÓN
Agencia que crea de manera original el registro BPMSU
Idioma de catalogación spa
Agencia que realiza la transcripción BPMSU
082 #4 - NÚMERO DE CLASIFICACIÓN DECIMAL DE DEWEY
Classification number M864.6
Item number C538v 2004
Edition number 22
100 1# - ASIENTO PRINCIPAL -- NOMBRE PERSONAL
Nombre personal Chimal, Carlos
Fechas asociadas con el nombre 1954-
245 10 - MENCIÓN DE TITULO
Título El viajero científico /
Mención de responsabilidad Carlos Chimal.
250 ## - MENCIÓN DE EDICION
Mención de edición 3era. reimpr.
260 ## - PUBLICACIÓN, DISTRIBUCIÓN, ETC. (PIE DE IMPRENTA)
Lugar de publicación, distribución, etc México :
Nombre del editor, distribuidor, etc. Alfaguara,
Fecha de publicación, distribución, etc 2004
Fecha de impresión
300 ## - DESCRIPCIÓN FÍSICA
Extensión 142 p. ;
Otros detalles físicos 22 cm.
490 0# - MENCIÓN DE SERIES
Mención de serie Alfaguara ;
-- Circular
500 ## - NOTA GENERAL
Nota general
590 ## - NOTA LOCAL
Enlace Inventariado, 2023/VM
650 #4 - ENCABEZAMIENTO DE MATERIA--TEMÁTICO
Término temático o nombre geográfico como elemento de entrada Ensayos mexicanos
650 #4 - ENCABEZAMIENTO DE MATERIA--TEMÁTICO
Término temático o nombre geográfico como elemento de entrada Ciencia en la literatura
650 #4 - ENCABEZAMIENTO DE MATERIA--TEMÁTICO
Término temático o nombre geográfico como elemento de entrada Ciencia ficción
910 ## - VALIDACIÓN
Validación VMateo V. Control de calidad. BPMSU
942 ## - ADDED ENTRY ELEMENTS (KOHA)
Source of classification or shelving scheme Dewey Decimal Classification
Koha item type Libros
Existencias
Withdrawn status Lost status Source of classification or shelving scheme Damaged status Not for loan Collection code Home library Current library Date acquired Source of acquisition Total Checkouts Full call number Barcode Date last seen Price effective from Koha item type Copy number
    Dewey Decimal Classification     Colección General Biblioteca Pública Metropolitana Salomé Ureña Biblioteca Pública Metropolitana Salomé Ureña 07/13/2016 Alfaguara   BPMSU CG M864.6 C538v 2004 BPMSU23080027 07/13/2016 07/13/2016 Libros  
    Dewey Decimal Classification     Colección General Biblioteca Pública Metropolitana Salomé Ureña Biblioteca Pública Metropolitana Salomé Ureña 02/05/2018 Alfaguara   BPMSU CG M864.6 C538v 2004 BPMSU18020068 02/05/2018 02/05/2018 Libros e.2
    Dewey Decimal Classification     Colección General Biblioteca Pública Metropolitana Salomé Ureña Biblioteca Pública Metropolitana Salomé Ureña 02/05/2018 Alfaguara   BPMSU CG M864.6 C538v 2004 BPMSU18020069 02/05/2018 02/05/2018 Libros e.3